Historia y grafía : revista semestral del Departamento de Historia de la Universidad Iberoamericana : número 1, año 1, 1993 : Michel de Certeau : historia y alteridad /

Enregistré dans:
Détails bibliographiques
Autres auteurs: Zermeño Padilla, Guillermo (dirección y presentación) (dirección y presentación)
Format: Livre
Langue:espagnol
Publié: México : Universidad Iberoamericana Ciudad de México, Departamento de Historia, 1993
Collection:(Historia y Grafía ; 1)
Sujets:
Tags: Ajouter un tag
Pas de tags, Soyez le premier à ajouter un tag!

MARC

LEADER 00000nam^a2200000^a^4500
001 000630341
005 20260413000000.0
009 20260413195720.795
022 |a 1405-0927 
037 |a Acervo ITESO - Biblioteca 
041 |a ESP 
082 |a 905.  |b GRA V. 1 
240 1 1 |a [Historia y grafía] 
245 0 0 |a Historia y grafía :  |b revista semestral del Departamento de Historia de la Universidad Iberoamericana : número 1, año 1, 1993 : Michel de Certeau : historia y alteridad /  |c Dir. y presen. de G. Zermeño Padilla. 
264 1 |a México :  |b Universidad Iberoamericana Ciudad de México, Departamento de Historia,  |c 1993 
300 |a 205 p. 
336 |a texto  |b txt  |2 rdacontenido 
337 |a sin mediación  |b n  |2 rdamedio 
338 |a volumen  |b nc  |2 rdasoporte 
440 1 |a (Historia y Grafía ;  |v 1) 
567 |a Catalogación rápida 
649 |a XX 
650 |a Jesuitas Franceses 
650 |a Religiosos Franceses 
650 |a Sociólogos Franceses 
650 |a Historiadores Franceses 
650 |a Filósofos Franceses 
650 |a Historia -  |x Filosofía -  |x Tema Principal 
650 |a Historia -  |x Publicaciones Periódicas Mexicanas -  |x Tema Principal 
650 |a Publicaciones Periódicas Mexicanas 
650 |a Certeau, Michel de -  |x Tema Principal 
700 |a Zermeño Padilla, Guillermo  |e (dirección y presentación) 
910 |a Fondo Castillo-Martínez 
920 |a Impresos - Libros 
930 |a Fondos Especiales 
905 |a 127 
901 |a 630341-10  |b IT2  |c ESP  |i D127039  |u 20260413 
902 |a https://opac.biblio.iteso.mx/vufind/Record/000630341